| 000 | 00507nam a22001697a 4500 | ||
|---|---|---|---|
| 003 | OSt | ||
| 005 | 20221007154721.0 | ||
| 008 | 221007b |||||||| |||| 00| 0 eng d | ||
| 020 | _a84-605-9176-x | ||
| 040 | _cBiblioteca Lado V | ||
| 082 |
_a779.949 _bG767f |
||
| 100 |
_9117 _aGras Balaguer, Menene _ecuradora |
||
| 245 | _aFotografía Contemporánea en Peru/ | ||
| 260 |
_aMadrid _bArtes Gráficas Luis Perez _c2000 |
||
| 300 |
_a90p. _c21x27cm |
||
| 942 |
_2ddc _c1 _h779.949 _iG767f _n0 |
||
| 999 |
_c2229 _d2229 |
||